Toutes les primes dans One Piece - Statistiques

Statistiques générales
  • Ce quiz a été pris 483 fois
  • Le résultat moyen est 57 sur 140
Statistiques - réponses
Primes Personnages % Correct
4,611,100,000 Kaido
92%
4,048,900,000 Shanks
92%
5,046,000,000 Edward Newgate
91%
5,564,800,000 Gol.D.Roger
91%
1,500,000,000 Monkey.D.Luffy
90%
4,388,000,000 Charlotte Linlin
87%
100 Tony Tony Chopper
86%
320,000,000 Roronoa Zoro
84%
2,247,600,000 Marshall.D.Teach
83%
330,000,000 Vinsmoke Sanji
82%
1,057,000,000 Charlotte Katakuri
80%
500,000,000 Trafalgar.D.Water Law
79%
66,000,000 Nami
78%
470,000,000 Eustass Kid
77%
1,390,000,000 King
77%
130,000,000 Nico Robin
77%
1,320,000,000 Queen
77%
83,000,000 Brook
76%
81,000,000 Crocodile
75%
438,000,000 Jinbe
75%
15,000,000 Baggy
74%
340,000,000 Don Quichotte Doflamingo
74%
94,000,000 Franky
74%
1,000,000,000 Jack
74%
200,000,000 Usopp
74%
1,374,000,000 Marco
73%
602,000,000 Sabo
72%
932,000,000 Charlotte Smoothie
69%
80,000,000 Boa Hancock
68%
860,000,000 Charlotte Cracker
67%
320,000,000 Gecko Moria
67%
550,000,000 Portgas.D.Ace
66%
108,000,000 Urouge
65%
296,000,000 Bartholomew Kuma
64%
140,000,000 Jewelry Bonney
64%
320,000,000 Basil Hawkins
63%
20,000,000 Arlong
62%
500 Bepo
62%
700,000,000 Charlotte Perospero
61%
350,000,000 Capone Bege
60%
200,000,000 Killer
60%
350,000,000 Scratchmen Apoo
58%
222,000,000 X Drake
58%
17,000,000 Don Krieg
52%
16,000,000 Kuro
52%
300,000,000 Charlotte Oven
50%
400,000,000 Ulti
49%
200,000,000 Bartolomeo
48%
195,000,000 Bellamy
48%
5,000,000 Alvida
47%
99,000,000 Pica
47%
546,000,000 Who’s Who
47%
26,000,000 Demalo Black
46%
290,000,000 Page One
46%
99,000,000 Trebol
46%
99,000,000 Diamante
45%
480,000,000 Black Maria
44%
330,000,000 Cavendish
44%
300,000,000 Charlotte Daifuku
43%
32,000,000 Bonclay
42%
542,000,000 Chinjao
42%
20,000,000 Jesus Burgess
41%
382,000,000 Pedro
41%
472,000,000 Sasaki
41%
600,000,000 Charlotte Snack
40%
100,000,000 Dorry
40%
100,000,000 Brogy
39%
300,000,000 Cesar Clown
39%
210,000,000 Caribou
38%
480,000,000 Edward Weevil
36%
330,000,000 Pekoms
34%
61,000,000 Lao G
33%
120,000,000 Charlotte Mont d’Or
32%
550,000,000 Little Oars Jr
32%
8,000,000 Octo
32%
190,000,000 Coribou
31%
230,000,000 Fisher Tiger
31%
24,000,000 Galdino
31%
210,000,000 Sai
31%
72,000,000 Doc Q
30%
24,000,000 Foxy
30%
42,200,000 Laffitte
30%
429,000,000 Tamago
30%
15,000,000 Dellinger
29%
12,000,000 Gin
29%
8,000,000 Higuma
29%
58,000,000 Senor Pink
29%
457,000,000 Belo Betty
27%
31,000,000 Gladius
26%
293,000,000 Morley
25%
64,000,000 Van Augur
25%
510,000,000 Izou
24%
40,000,000 Boa Marigold
23%
75,000,000 Daz Bonez
23%
9,000,000 Jango
23%
400,000,000 Karasu
23%
5,500,000 Smack
23%
40,000,000 Boa Sandersonia
22%
11,000,000 Machvise
22%
7,800,000 Curly Dadan
21%
9,000,000 Kuroobi
21%
316,000,000 Lindbergh
21%
210,000,000 Squard
20%
148,000,000 Orlumbus
19%
20,000,000 Rock
19%
10,000,000 Gem
18%
38,000,000 Sarquiss
18%
80,060,000 Barbe Brune
17%
105,500,000 Bobbin
17%
14,300,000 Bluejam
16%
79,000,000 Nico Olvia
16%
35,000,000 Zala
16%
95,000,000 Vito
15%
3,200,000 Babe
14%
14,000,000 Drophy
14%
94,000,000 Rockstar
14%
52,000,000 Barbe Rose
13%
7,500,000 Mikita
13%
25,000,000 Mont Blanc Cricket
13%
7,000,000 Sham
13%
7,000,000 Buchi
12%
36,000,000 Shojo
12%
92,000,000 Albion
11%
24,000,000 Charlotte Laura
11%
29,000,000 Marianne
11%
23,000,000 Masira
11%
3,400,000 Porchemy
11%
42,000,000 Roshio
11%
67,000,000 Suleiman
11%
67,000,000 Gambia
10%
90,000,000 Gotti
10%
57,000,000 Kelly Funk
10%
36,000,000 Bobby Funk
9%
88,000,000 Lip Doughty
9%
20,000,000 Scotch
8%
60,000,000 Devil Dias
7%
73,000,000 Gyro
6%
17,000,000 Lacuba
6%
36,000,000 Mikazuki
6%
10,000,000 Wellington
5%
Aucun quiz correspondant
Distribution des résultats
% des personnes avec chaque résultat
Percentile par nombre de réponses
Votre historique - résultats
Vous n’avez pas pris ce quiz